<?xml version="1.0" encoding="UTF-8"?>
<record
    xmlns:xsi="http://www.w3.org/2001/XMLSchema-instance"
    xsi:schemaLocation="http://www.loc.gov/MARC21/slim http://www.loc.gov/standards/marcxml/schema/MARC21slim.xsd"
    xmlns="http://www.loc.gov/MARC21/slim">

  <leader>00745nam a2200217 a 4500</leader>
  <controlfield tag="001">HUB004528</controlfield>
  <controlfield tag="005">20141211141630.0</controlfield>
  <controlfield tag="008">                                        </controlfield>
  <datafield tag="020" ind1=" " ind2=" ">
    <subfield code="a">9789719983040</subfield>
  </datafield>
  <datafield tag="050" ind1=" " ind2=" ">
    <subfield code="a">P 90</subfield>
    <subfield code="b">.V233 2013</subfield>
  </datafield>
  <datafield tag="100" ind1=" " ind2=" ">
    <subfield code="a">Valdez, Suzette F. </subfield>
  </datafield>
  <datafield tag="245" ind1=" " ind2="0">
    <subfield code="a">Essentials of oral communication towards effective and responsible speech /</subfield>
    <subfield code="c">Suzette F. Valdez and Rommel B. Dela Cruz.</subfield>
  </datafield>
  <datafield tag="260" ind1=" " ind2=" ">
    <subfield code="a">Manila, Philippines :</subfield>
    <subfield code="c">c2013.</subfield>
    <subfield code="b">Purely Books Trading &amp; Publishing Corp.,</subfield>
  </datafield>
  <datafield tag="300" ind1=" " ind2=" ">
    <subfield code="a">276 pages :</subfield>
    <subfield code="b">illustrations ;</subfield>
    <subfield code="c">22 cm.</subfield>
  </datafield>
  <datafield tag="500" ind1=" " ind2=" ">
    <subfield code="a">Includes bibliographical references.</subfield>
  </datafield>
  <datafield tag="521" ind1=" " ind2=" ">
    <subfield code="a">General Education</subfield>
  </datafield>
  <datafield tag="650" ind1=" " ind2=" ">
    <subfield code="a">Communication.</subfield>
  </datafield>
  <datafield tag="650" ind1=" " ind2=" ">
    <subfield code="a">Speech.</subfield>
  </datafield>
  <datafield tag="700" ind1=" " ind2=" ">
    <subfield code="a">Dela Cruz, Rommel B.</subfield>
  </datafield>
  <datafield tag="942" ind1=" " ind2=" ">
    <subfield code="2">lcc</subfield>
    <subfield code="c">BK</subfield>
    <subfield code="k">FOR</subfield>
  </datafield>
  <datafield tag="999" ind1=" " ind2=" ">
    <subfield code="c">276932</subfield>
    <subfield code="d">276932</subfield>
  </datafield>
  <datafield tag="952" ind1=" " ind2=" ">
    <subfield code="0">0</subfield>
    <subfield code="1">0</subfield>
    <subfield code="2">lcc</subfield>
    <subfield code="4">0</subfield>
    <subfield code="a">CL</subfield>
    <subfield code="b">CL</subfield>
    <subfield code="c">RES</subfield>
    <subfield code="d">2014-12-11</subfield>
    <subfield code="e">Library Fund</subfield>
    <subfield code="l">3</subfield>
    <subfield code="m">4</subfield>
    <subfield code="o">P 90 .V233 2013</subfield>
    <subfield code="p">C19046</subfield>
    <subfield code="r">2023-04-13 00:00:00</subfield>
    <subfield code="s">2023-03-02</subfield>
    <subfield code="w">2014-12-11</subfield>
    <subfield code="y">BK</subfield>
  </datafield>
</record>
